Constitutional law in Malaysia and Singapore

Bibliographic Details
Main Author: Tan Yew Lee, Kevin
Other Authors: Lee Kiat Seng, Yeo Tiong Min
Format: Book
Published: Singapore : Malayan Law journal , 1991
Subjects:

MARC

LEADER 00000cam a2200000 7i4500
001 0000002984
002 000003230
005 20000330.0
020 |a 0409996114 
090 0 0 |a 342.3595   |b TAN 
100 1 |a Tan Yew Lee, Kevin 
245 1 0 |a Constitutional law in Malaysia and Singapore   |c Kevin Tan Yew Lee 
260 |a Singapore :   |b Malayan Law journal ,   |c 1991 
300 |a 826p. ;   |c 22cm. 
650 0 0 |a Constitutional law   |z Malaysia 
650 0 0 |a Constitutional law   |z Singapore 
651 0 |a Malaysia   |x Constitutional law 
700 0 |a Lee Kiat Seng 
700 0 |a Yeo Tiong Min 
999 |a 023999   |b BUKU   |c PINJAMAN   |e PERPUSTAKAAN KOMUNITI PETALING JAYA 
999 |a 036541   |b BUKU   |c MALAYSIANA   |e PERPUSTAKAAN KOMUNITI PETALING JAYA